Manual de Fresadoras

Bibliographic Details
Main Author: Kibbe, Richard R.
Format: Section = Libro
Language:Undetermined
Spanish
Published: México Limusa 1988
Subjects:
LEADER 00461nam a2200181Ia 4500
008 240829s9999 xx 000 0 und d
020 |a 968-18-2822-4 
040 |a BIBLIOTECA-RUPAP Ref 621.91 K46 
041 |a spa 
082 |a Ref 621.91 K46 
100 1 |a Kibbe, Richard R. 
245 1 0 |a Manual de Fresadoras 
260 |a México  |b Limusa  |c 1988 
300 |a 203 p. :il. 
650 7 |a MAQUINAS FRESADORAS. I. Tít. 
942 |c BK  |2 ddc 
991 |a TEXTO 
999 |c 10459